| 000 | 00855nam a2200193 a 4500 | ||
|---|---|---|---|
| 008 | 100624s2005 ||||||||||||||||| || u | ||
| 050 | _aIBRD(08) | ||
| 100 | _aZeng, Douglas Zhihua | ||
| 245 | 1 | 0 |
_aChina's employment challenges and strategies after the WTO accession _cby Douglas Zhihua Zeng |
| 260 |
_aWashington, D. C. _bWorld Bank _c2005 |
||
| 300 | _a34p.: ill | ||
| 350 | _a0.00 | ||
| 490 | _aPolicy Research Working Paper | ||
| 650 | _aEMPLOYMENT CHALLENGES--AFRICA | ||
| 650 | _aCHINA | ||
| 700 | _aZhihua Zeng, Douglas | ||
| 995 |
_aSPECIAL COLLECTIONS _D0.00 _e9019807 _FCBU-MAIN LIBRARY (Kitwe) _H1 _I0.00 _jIBRD(08)PRWP/3522 _UAVAILABLE _y9019807 _ZInternational Publications |
||
| 995 |
_aSPECIAL COLLECTIONS _D0.00 _e03006652 _FCBU-MAIN LIBRARY (Kitwe) _H1 _I0.00 _jIBRD(08)PRWP/3522 _M1 _UAVAILABLE _WJun 24, 2010 _yZ03006652 _ZInternational Publications |
||
| 999 |
_c79337 _d79337 |
||